G40-沪陕高速公路途径行政区 - Statistics

General Stats
  • This quiz has been taken 22 times
  • The average score is 13 of 14
Answer Stats
Answer % Correct
上海
100%
南通
100%
泰州
100%
扬州
100%
南京
100%
滁州
100%
合肥
100%
六安
100%
信阳
100%
南阳
89%
驻马店
84%
商洛
84%
西安
84%
南阳
79%
No matching quizzes found
Score Distribution
Percent of People with Each Score
Percentile by Number Answered
Your Score History
You have not taken this quiz